Currencies of South America - Statistics

General Stats
  • This quiz has been taken 193 times
  • The average score is 4 of 7
Answer Stats
Countries Currency % Correct
Argentina/Chile/Colombia/Uruguay Peso
95%
Guyana/Suriname Dollar
86%
Brazil Real
75%
Bolivia Boliviano
61%
Paraguay Guarani
47%
Ecuador US Dollar
40%
Peru Nuevo Sol
29%
No matching quizzes found
Score Distribution
Percent of People with Each Score
Percentile by Number Answered
Your Score History
You have not taken this quiz